000 00460nam a2200169Ia 4500
008 090711s9999 xx 000 0 und d
082 _b54516
100 _aओशो रजनीश
245 _aभक्तीसुत्र
260 _c1986
300 _a60
600 _aओशो रजनीश
630 _aभक्तीसुत्र
700 _aओशो रजनीश
730 _aभक्तीसुत्र
942 _cBOOK
999 _c285663
_d285663